000 00496nam a2200169 a 4500
001 2201
005 20140414131909.0
008 030210s19uu xx 00 eng d
050 _aER
_bB56 1995
100 _aSewell, Anne
245 _aBlack beauty /
_cAnna Sewell ; text adapted by Sarah Harris ; illustrated by Van Gool Lefevre Loiseaux.
260 _aLondon :
_bTwin Books,
_c1995.
300 _a60 p. : ill. ; cm.
440 _aVan Gool's
650 _aHorses - Fiction.
999 _c111088
_d111088